000 01523cam a2200361 i 4500
001 000001631
003 DO-SdBNP
005 20260316142756.0
007 ta
008 850403s1987 mx ac b 001 0 spa
040 _aDO-SdBNP
_bspa
_cBNPHU
_erda
041 _aspa
082 4 _a331.0973
_bT758
_222
240 0 0 _aWorking for democrac.
_lEspañol
245 0 0 _atrabajar por la democracia :
_blos trabajadores norteamericanos desde la revolución hasta el presente /
_ceditado por, Paul Buhle y Alan Dawley ; prólogo, de Herbert G. Gutman ; traducción de, E. Moreno C.
264 1 _aMéxico :
_bNoema,
_c1987.
300 _a174 páginas :
_bilustraciones, retratos ;
_c21 cm.
336 _atexto
_btxt
_2rdacontent
337 _asin mediación
_bn
_2rdamedia
338 _avolumen
_bnc
_2rdacarrier
500 _aA la memoria de Bárbara Mayer Werthrimer, 1925-1983
504 _aBibliografía: páginas 170-172
534 _aTítulo original:
_tWorking for democrac.
650 _a Trabajo y trabajadores
_zEstados Unidos
_xEnsayos, conferencias, etc.
_985401
650 _aMercado de trabajo
_zEstados Unidos
_vEnsayos, conferencias, etc.
_919058
650 _aSindicatos
_zEstados Unidos
_xEnsayos, conferencias, etc.
_931036
700 1 _aBuhle, Paul,
_d1944-
_eeditor
_4ed.
_95332
700 1 _aDawley, Alan,
_d1943-2008.
_eeditor
_4ed.
_95333
700 1 _aGutman, Herbert G.,
_eprologuista
_4pr.
_95334
700 1 _aMoreno C., E.,
_etraductor
_4tr.
_95335
910 _aCatalogación por copia / LC
942 _2ddc
_cLBS1
999 _c1521
_d1521